01102nam a2200217Ia 4500003000400000005001700004008004100021020001800062040002100080041000800101082002700109100003400136245015200170260006300322300008200385504003800467505027800505650003200783650003200815700003700847OSt20201119123240.0191128s2012 yo abo gr 000 0 spa d a9783848458998 aCO-JMCRcCO-JMCR0 aspa04a658.4038 / bC171g2231 aCarballo Ramos, Elme, eautor10aGestión del conocimiento, formación, innovación y desarrollo local : buna relación necesaria /cElme Carballo Ramos, Edianny Carballo Cruz aSaarbrücken : bEditorial académica española, c2012 a79 páginas : bdiagramas, fotografías y mapas a blanco y negro ; c22 cm. aBibliografía: páginas 74-79. 0 aCaracterización de la evolución de la gestión del conocimiento, la ciencia, la tecnología y la innovación a nivel local y territorial -- Modelo de formación e indicadores que expresan la relación conocimientos-brecha, estratégica-innovación-impactos-desar24aGestión del conocimiento 24aTecnología e innovación1 aCarballo Cruz, Edianny, eautora